000 00352nam a2200145Ia 4500
008 150201s2002 xx 000 0 und d
082 _a617.07
_bP2002D
100 _aDEY,N.C.
245 2 _aA TEXT BOOK OF PATHOLOGY
250 _a14TH
260 _bNEW CENTRAL BOOK AGENCY
_aCALCUTTA
_c2002
300 _a1-468
650 _aPATHOLOGY
942 _2ddc
_cBK
999 _c2711
_d2711